00364nam a22001337a 450000500170000000800410001704100130005808200120007110000120008324500310009526000470012630000310017365000260020420240801102155.0240801b |||||||| |||| 00| 0 eng d aEnglish  a349 SOU lEnglish aSouth African Law Reports  aCape Town: bJuta and Company Ltd, c1935  bxiii, 499 pages; c25 cm.  aLegal practice bLaw